[Event "MCR druzstev mladsich zaku 2019"]
[Site "Trest"]
[Date "2019.06.16"]
[Round "8.11"]
[White "Dobsa, Emma"]
[Black "Barteckova, Denisa"]
[Result "0-1"]
[BlackElo "1342"]
[WhiteElo "1375"]
[LiveChessVersion "1.4.8"]

1. e4 {[%clk 0:25:17]} d5 {[%clk 0:25:19]} 2. exd5 {[%clk 0:25:25]} Nf6
{[%clk 0:25:28]} 3. d4 {[%clk 0:25:33]} Nxd5 {[%clk 0:25:36]} 4. Nf3
{[%clk 0:25:39]} Nc6 {[%clk 0:25:44]} 5. c4 {[%clk 0:25:41]} Nb6 {[%clk 0:25:51]}
6. c5 {[%clk 0:25:35]} Nd5 {[%clk 0:25:49]} 7. Bc4 {[%clk 0:25:44]} Bg4
{[%clk 0:25:41]} 8. Qb3 {[%clk 0:25:22]} Bxf3 {[%clk 0:23:51]} 9. Qxf3
{[%clk 0:24:54]} e6 {[%clk 0:23:42]} 10. O-O {[%clk 0:24:40]} Be7
{[%clk 0:22:47]} 11. Bb5 {[%clk 0:21:20]} O-O {[%clk 0:22:16]} 12. Be3
{[%clk 0:20:47]} Bf6 {[%clk 0:21:56]} 13. Rd1 {[%clk 0:20:26]} Ncb4
{[%clk 0:21:04]} 14. Nc3 {[%clk 0:19:37]} c6 {[%clk 0:19:04]} 15. Bc4
{[%clk 0:17:53]} Nc2 {[%clk 0:17:49]} 16. Rac1 {[%clk 0:16:43]} Ncxe3
{[%clk 0:17:20]} 17. fxe3 {[%clk 0:16:48]} Bg5 {[%clk 0:16:25]} 18. Nxd5
{[%clk 0:15:57]} exd5 {[%clk 0:15:35]} 19. Bd3 {[%clk 0:15:53]} g6
{[%clk 0:15:02]} 20. Qg4 {[%clk 0:15:08]} Re8 {[%clk 0:14:35]} 21. Rc2
{[%clk 0:14:24]} Bxe3+ {[%clk 0:12:47]} 22. Kh1 {[%clk 0:13:40]} Qf6
{[%clk 0:11:58]} 23. Rf1 {[%clk 0:13:18]} Qxd4 {[%clk 0:11:02]} 24. Qd1
{[%clk 0:08:27]} Re7 {[%clk 0:09:29]} 25. Re1 {[%clk 0:07:52]} Rae8
{[%clk 0:09:17]} 26. Rce2 {[%clk 0:04:40]} Qxc5 {[%clk 0:08:34]} 27. g3
{[%clk 0:04:39]} d4 {[%clk 0:08:12]} 28. Bb1 {[%clk 0:04:32]} Qd5+
{[%clk 0:07:54]} 29. Rg2 {[%clk 0:04:31]} c5 {[%clk 0:07:37]} 30. Qa4
{[%clk 0:04:30]} b6 {[%clk 0:07:18]} 31. Bd3 {[%clk 0:04:14]} Bf2
{[%clk 0:05:35]} 32. Rf1 {[%clk 0:03:56]} Re1 {[%clk 0:05:06]} 33. Qc2
{[%clk 0:04:02]} Rxf1+ {[%clk 0:05:07]} 34. Bxf1 {[%clk 0:04:11]} Qf3
{[%clk 0:04:39]} 35. Qxf2 {[%clk 0:03:53]} Qd5 {[%clk 0:04:30]} 36. b3
{[%clk 0:03:37]} Re7 {[%clk 0:04:14]} 37. Bc4 {[%clk 0:03:29]} Qd7
{[%clk 0:03:57]} 38. Rg1 {[%clk 0:03:26]} d3 {[%clk 0:03:29]} 39. Qd2
{[%clk 0:03:30]} Qb7+ {[%clk 0:03:14]} 40. Rg2 {[%clk 0:03:33]} Re2
{[%clk 0:03:10]} 41. Qxe2 {[%clk 0:03:20]} dxe2 {[%clk 0:03:15]} 42. Bxe2 Qe4
{[%clk 0:03:16]} 43. h3 {[%clk 0:03:27]} Qb1+ {[%clk 0:03:12]} 44. Kh2
{[%clk 0:03:32]} Qxa2 {[%clk 0:03:09]} 45. Bc4 {[%clk 0:03:36]} Qb1
{[%clk 0:02:51]} 46. Rf2 {[%clk 0:03:44]} Qe4 {[%clk 0:02:34]} 47. Bxf7+
{[%clk 0:03:44]} Kg7 {[%clk 0:02:26]} 48. Bc4 {[%clk 0:03:50]} Qb7
{[%clk 0:02:15]} 49. Kg1 {[%clk 0:03:52]} a6 {[%clk 0:02:20]} 50. Kf1
{[%clk 0:03:36]} b5 {[%clk 0:02:29]} 51. Bd3 {[%clk 0:02:28]} Qh1+
{[%clk 0:02:22]} 52. Ke2 {[%clk 0:02:30]} Qxh3 {[%clk 0:02:27]} 53. Be4
{[%clk 0:02:15]} Qg4+ {[%clk 0:02:20]} 54. Bf3 {[%clk 0:02:22]} Qe6+
{[%clk 0:02:24]} 55. Kd2 {[%clk 0:02:24]} Qxb3 {[%clk 0:02:31]} 56. Kc1
{[%clk 0:02:21]} c4 {[%clk 0:02:34]} 57. Bd5 {[%clk 0:02:19]} Qe3+
{[%clk 0:02:29]} 58. Rd2 {[%clk 0:02:27]} c3 {[%clk 0:02:38]} 0-1

[Event "MCR druzstev mladsich zaku 2019"]
[Site "Trest"]
[Date "2019.06.16"]
[Round "8.12"]
[White "Letal, Hynek"]
[Black "Mruskovic, Ondrej"]
[Result "1/2-1/2"]
[BlackElo "1266"]
[WhiteElo "1278"]
[LiveChessVersion "1.4.8"]

1. e4 {[%clk 0:24:56]} e5 {[%clk 0:25:18]} 2. Nf3 {[%clk 0:25:04]} Nc6
{[%clk 0:25:25]} 3. Bb5 {[%clk 0:25:11]} a6 {[%clk 0:25:32]} 4. Bxc6
{[%clk 0:25:19]} dxc6 {[%clk 0:25:38]} 5. O-O {[%clk 0:25:27]} Nf6
{[%clk 0:25:41]} 6. h3 {[%clk 0:25:36]} Bc5 {[%clk 0:25:44]} 7. Re1
{[%clk 0:25:43]} O-O {[%clk 0:25:47]} 8. c3 {[%clk 0:25:52]} Re8 {[%clk 0:25:18]}
9. a3 {[%clk 0:24:56]} h6 {[%clk 0:24:48]} 10. d4 {[%clk 0:24:55]} exd4
{[%clk 0:24:52]} 11. cxd4 {[%clk 0:25:03]} Bb6 {[%clk 0:24:51]} 12. Nc3
{[%clk 0:25:08]} Ba5 {[%clk 0:23:22]} 13. b4 {[%clk 0:25:14]} Bb6
{[%clk 0:23:23]} 14. Bb2 {[%clk 0:25:04]} Be6 {[%clk 0:22:00]} 15. e5
{[%clk 0:24:48]} Nd5 {[%clk 0:21:40]} 16. Ne2 {[%clk 0:24:11]} Bf5
{[%clk 0:19:44]} 17. Ng3 {[%clk 0:23:27]} Bg6 {[%clk 0:19:29]} 18. Rc1
{[%clk 0:22:57]} Nf4 {[%clk 0:18:40]} 19. Qd2 {[%clk 0:20:17]} Nd3
{[%clk 0:18:20]} 20. Rcd1 {[%clk 0:19:17]} Nxe1 {[%clk 0:17:54]} 21. Rxe1
{[%clk 0:19:25]} Qe7 {[%clk 0:15:09]} 22. Ne4 {[%clk 0:19:13]} Bxe4
{[%clk 0:14:56]} 23. Rxe4 {[%clk 0:19:20]} Rad8 {[%clk 0:13:52]} 24. Rg4
{[%clk 0:18:54]} Qe6 {[%clk 0:12:41]} 25. Nh4 {[%clk 0:18:43]} Kh8
{[%clk 0:08:52]} 26. Qf4 {[%clk 0:16:39]} g5 {[%clk 0:06:50]} 27. Qe3
{[%clk 0:14:35]} gxh4 {[%clk 0:06:10]} 28. Rxh4 {[%clk 0:14:04]} Kh7
{[%clk 0:05:34]} 29. f4 {[%clk 0:13:37]} f5 {[%clk 0:04:21]} 30. Qd3
{[%clk 0:12:00]} Rg8 {[%clk 0:03:59]} 31. g4 {[%clk 0:11:37]} Rdf8
{[%clk 0:03:07]} 32. g5 {[%clk 0:10:46]} Rg6 {[%clk 0:02:25]} 33. Qg3
{[%clk 0:10:14]} Rfg8 {[%clk 0:01:39]} 34. Bc1 {[%clk 0:09:40]} Bxd4+
{[%clk 0:01:38]} 35. Kh2 {[%clk 0:09:46]} Qa2+ {[%clk 0:01:38]} 36. Kh1
{[%clk 0:09:20]} Qd5+ {[%clk 0:01:04]} 37. Kh2 {[%clk 0:09:25]} Qa2+
{[%clk 0:01:04]} 38. Kh1 {[%clk 0:09:33]} Qd5+ {[%clk 0:01:11]} 39. Kh2
{[%clk 0:09:42]} Qa2+ {[%clk 0:01:17]} 40. Kh1 {[%clk 0:09:51]} 1/2-1/2

[Event "MCR druzstev mladsich zaku 2019"]
[Site "Trest"]
[Date "2019.06.16"]
[Round "8.13"]
[White "Brozka, Karel"]
[Black "Simek, Viktor"]
[Result "0-1"]
[BlackElo "1573"]
[WhiteElo "2142"]
[LiveChessVersion "1.4.8"]

1. d4 {[%clk 0:25:17]} d5 {[%clk 0:25:19]} 2. Nf3 {[%clk 0:25:25]} Nf6
{[%clk 0:25:26]} 3. Bf4 {[%clk 0:25:15]} e6 {[%clk 0:25:10]} 4. e3
{[%clk 0:25:22]} Bd6 {[%clk 0:24:43]} 5. Bg3 {[%clk 0:25:04]} b6 {[%clk 0:23:51]}
6. Bb5+ {[%clk 0:23:41]} c6 {[%clk 0:23:38]} 7. Bd3 {[%clk 0:23:33]} Bb7
{[%clk 0:23:21]} 8. c3 {[%clk 0:23:39]} Qc7 {[%clk 0:22:53]} 9. Nbd2
{[%clk 0:23:33]} Nbd7 {[%clk 0:22:43]} 10. e4 {[%clk 0:22:18]} dxe4
{[%clk 0:22:10]} 11. Nxe4 {[%clk 0:22:24]} Nxe4 {[%clk 0:22:13]} 12. Bxe4
{[%clk 0:22:32]} Nf6 {[%clk 0:22:22]} 13. Bd3 {[%clk 0:22:11]} O-O
{[%clk 0:21:21]} 14. O-O {[%clk 0:21:22]} Rad8 {[%clk 0:20:55]} 15. Qe2
{[%clk 0:19:49]} c5 {[%clk 0:20:18]} 16. dxc5 {[%clk 0:19:13]} Qxc5
{[%clk 0:20:08]} 17. Rad1 {[%clk 0:18:27]} Nd5 {[%clk 0:19:09]} 18. Qe4
{[%clk 0:09:28]} g6 {[%clk 0:18:40]} 19. Qh4 {[%clk 0:09:03]} Bxg3
{[%clk 0:17:33]} 20. hxg3 {[%clk 0:09:02]} Qe7 {[%clk 0:17:30]} 21. Qh6
{[%clk 0:08:50]} Qf6 {[%clk 0:16:30]} 22. Ng5 {[%clk 0:07:50]} Qg7
{[%clk 0:16:39]} 23. Qh4 {[%clk 0:07:56]} Nf6 {[%clk 0:13:50]} 24. Ne4
{[%clk 0:05:03]} Nxe4 {[%clk 0:10:48]} 25. Bxe4 {[%clk 0:05:11]} Rxd1
{[%clk 0:10:47]} 26. Rxd1 {[%clk 0:05:18]} g5 {[%clk 0:10:32]} 27. Bxh7+
{[%clk 0:04:01]} Qxh7 {[%clk 0:10:27]} 28. Qxg5+ {[%clk 0:04:10]} Qg7
{[%clk 0:10:35]} 29. Qe7 {[%clk 0:04:12]} Bd5 {[%clk 0:10:01]} 30. Qxa7
{[%clk 0:04:00]} Ra8 {[%clk 0:08:48]} 31. Qxb6 {[%clk 0:04:07]} Rxa2
{[%clk 0:07:39]} 32. Qb4 {[%clk 0:03:13]} Qe5 {[%clk 0:06:09]} 33. c4
{[%clk 0:00:57]} Qe2 {[%clk 0:05:43]} 34. Rd2 {[%clk 0:00:28]} Ra1+
{[%clk 0:05:41]} 35. Kh2 {[%clk 0:00:25]} Qh5# 0-1

[Event "MCR druzstev mladsich zaku 2019"]
[Site "Trest"]
[Date "2019.06.16"]
[Round "8.14"]
[White "Delgerdalai, Bayarjavkhlan"]
[Black "Bouska, Jiri"]
[Result "0-1"]
[BlackElo "1620"]
[WhiteElo "1504"]
[LiveChessVersion "1.4.8"]

1. e4 {[%clk 0:25:18]} c5 {[%clk 0:25:09]} 2. Nf3 {[%clk 0:25:24]} Nc6
{[%clk 0:25:15]} 3. d4 {[%clk 0:25:32]} cxd4 {[%clk 0:25:22]} 4. Nxd4
{[%clk 0:25:39]} d6 {[%clk 0:25:30]} 5. Nc3 {[%clk 0:25:45]} e6 {[%clk 0:25:38]}
6. Be3 {[%clk 0:25:45]} Be7 {[%clk 0:25:46]} 7. Bc4 {[%clk 0:25:43]} Nf6
{[%clk 0:25:51]} 8. f3 {[%clk 0:24:52]} O-O {[%clk 0:25:53]} 9. Qd2
{[%clk 0:24:52]} a6 {[%clk 0:25:58]} 10. g4 {[%clk 0:24:29]} Ne5 {[%clk 0:26:01]}
11. Bb3 {[%clk 0:23:54]} b5 {[%clk 0:25:38]} 12. O-O-O {[%clk 0:23:12]} Bd7
{[%clk 0:25:32]} 13. a3 {[%clk 0:21:51]} Rb8 {[%clk 0:25:14]} 14. h4
{[%clk 0:21:03]} Nc4 {[%clk 0:25:03]} 15. Qe2 {[%clk 0:19:18]} Nxe3
{[%clk 0:24:43]} 16. Qxe3 {[%clk 0:19:23]} a5 {[%clk 0:24:37]} 17. Nce2
{[%clk 0:17:54]} a4 {[%clk 0:24:35]} 18. Ba2 {[%clk 0:17:49]} b4 {[%clk 0:24:42]}
19. axb4 {[%clk 0:17:21]} Rxb4 {[%clk 0:24:45]} 20. Qc3 {[%clk 0:16:17]} Qb6
{[%clk 0:24:31]} 21. b3 {[%clk 0:15:20]} axb3 {[%clk 0:24:33]} 22. Bxb3
{[%clk 0:15:05]} Rc8 {[%clk 0:24:39]} 23. Qb2 {[%clk 0:14:45]} Ba4
{[%clk 0:24:24]} 24. h5 {[%clk 0:12:46]} Bxb3 {[%clk 0:24:29]} 25. Nxb3
{[%clk 0:12:15]} Rxb3 {[%clk 0:24:37]} 26. Qd4 {[%clk 0:11:25]} Rb1+
{[%clk 0:24:26]} 27. Kd2 {[%clk 0:11:29]} Qa5+ {[%clk 0:23:41]} 28. Ke3
{[%clk 0:10:31]} d5 {[%clk 0:23:20]} 29. Kf4 {[%clk 0:09:25]} e5+
{[%clk 0:20:35]} 30. Qxe5 {[%clk 0:08:02]} Qc5 {[%clk 0:20:29]} 31. Qd4
{[%clk 0:07:17]} Qc7+ {[%clk 0:20:12]} 32. e5 {[%clk 0:06:40]} Rb4
{[%clk 0:20:15]} 33. Qxb4 {[%clk 0:06:13]} Bxb4 {[%clk 0:20:18]} 34. Nd4
{[%clk 0:06:10]} g5+ {[%clk 0:20:17]} 35. hxg6 {[%clk 0:05:37]} fxg6
{[%clk 0:20:15]} 36. Rd3 {[%clk 0:04:01]} g5+ {[%clk 0:20:14]} 37. Kxg5
{[%clk 0:03:39]} Qxe5+ {[%clk 0:20:19]} 38. Kh4 {[%clk 0:03:21]} Be1+
{[%clk 0:20:18]} 39. Rxe1 {[%clk 0:03:04]} Qxe1+ {[%clk 0:20:25]} 40. Kh3
{[%clk 0:02:57]} h5 {[%clk 0:20:13]} 41. Rb3 {[%clk 0:02:06]} h4 {[%clk 0:20:14]}
42. Kg2 {[%clk 0:01:54]} Qg3+ {[%clk 0:20:16]} 43. Kf1 {[%clk 0:01:41]} Re8
{[%clk 0:20:17]} 44. Ne2 {[%clk 0:01:36]} Rxe2 {[%clk 0:20:06]} 45. Kxe2
{[%clk 0:01:40]} h3 {[%clk 0:20:13]} 46. f4 {[%clk 0:01:35]} Qxb3
{[%clk 0:20:09]} 47. cxb3 {[%clk 0:01:40]} h2 {[%clk 0:20:18]} 48. b4
{[%clk 0:01:46]} h1=Q {[%clk 0:20:27]} 49. Kd3 {[%clk 0:01:49]} Qe4+
{[%clk 0:20:35]} 50. Kc3 {[%clk 0:01:57]} Qc4+ 51. Kb2 {[%clk 0:01:58]} Qxb4+
{[%clk 0:20:49]} 52. Kc2 {[%clk 0:02:05]} Ne4 {[%clk 0:20:56]} 53. f5
{[%clk 0:02:09]} Qc3+ {[%clk 0:21:05]} 54. Kb1 {[%clk 0:01:56]} Nd2+
{[%clk 0:21:12]} 55. Ka2 {[%clk 0:01:47]} Qc2+ {[%clk 0:21:17]} 56. Ka1
{[%clk 0:01:45]} Nb3# {[%clk 0:21:24]} 0-1

[Event "MCR druzstev mladsich zaku 2019"]
[Site "Trest"]
[Date "2019.06.16"]
[Round "8.15"]
[White "Janouskova, Adela"]
[Black "Babula, Matej"]
[Result "1/2-1/2"]
[BlackElo "1323"]
[WhiteElo "1457"]
[LiveChessVersion "1.4.8"]

1. e4 {[%clk 0:25:17]} e5 {[%clk 0:25:16]} 2. Nf3 {[%clk 0:25:23]} Nc6
{[%clk 0:25:25]} 3. Bc4 {[%clk 0:25:29]} Bc5 {[%clk 0:25:33]} 4. c3
{[%clk 0:25:18]} Nf6 {[%clk 0:25:42]} 5. d4 {[%clk 0:24:52]} exd4
{[%clk 0:25:50]} 6. cxd4 {[%clk 0:24:59]} Bb4+ {[%clk 0:25:58]} 7. Nc3
{[%clk 0:24:38]} Nxe4 {[%clk 0:25:48]} 8. O-O {[%clk 0:24:19]} Bxc3
{[%clk 0:25:53]} 9. bxc3 {[%clk 0:24:26]} d5 {[%clk 0:25:48]} 10. Bd3
{[%clk 0:22:20]} O-O {[%clk 0:25:24]} 11. Qc2 {[%clk 0:21:30]} f5
{[%clk 0:24:28]} 12. Bf4 {[%clk 0:20:08]} Be6 {[%clk 0:23:00]} 13. h3
{[%clk 0:18:59]} Qd7 {[%clk 0:22:20]} 14. Rab1 {[%clk 0:18:49]} b6
{[%clk 0:22:20]} 15. Bb5 {[%clk 0:17:44]} a6 {[%clk 0:22:17]} 16. Ne5
{[%clk 0:16:03]} Qc8 {[%clk 0:21:35]} 17. Bxc6 {[%clk 0:15:53]} Rb8
{[%clk 0:21:32]} 18. Rfe1 {[%clk 0:14:24]} b5 {[%clk 0:21:17]} 19. a4
{[%clk 0:12:59]} g5 {[%clk 0:20:41]} 20. Bh2 {[%clk 0:12:09]} bxa4
{[%clk 0:20:36]} 21. Bxa4 {[%clk 0:11:35]} Rxb1 {[%clk 0:20:40]} 22. Rxb1
{[%clk 0:11:39]} g4 {[%clk 0:20:35]} 23. f3 {[%clk 0:09:16]} g3 {[%clk 0:20:24]}
24. fxe4 {[%clk 0:09:23]} gxh2+ {[%clk 0:20:33]} 25. Kxh2 {[%clk 0:09:23]} fxe4
{[%clk 0:20:38]} 26. Qe2 {[%clk 0:08:39]} Qd8 {[%clk 0:20:07]} 27. Rf1
{[%clk 0:06:17]} Rf6 {[%clk 0:19:22]} 28. Rxf6 {[%clk 0:05:17]} Qxf6
{[%clk 0:19:30]} 29. Qe3 {[%clk 0:04:41]} h6 {[%clk 0:18:19]} 30. Bd1
{[%clk 0:03:53]} Kh7 {[%clk 0:17:54]} 31. Bg4 {[%clk 0:03:23]} Bxg4
{[%clk 0:18:02]} 32. Nxg4 {[%clk 0:03:30]} Qg5 {[%clk 0:17:07]} 33. Qxg5
{[%clk 0:03:33]} hxg5 {[%clk 0:17:16]} 34. Ne5 {[%clk 0:03:35]} a5
{[%clk 0:17:08]} 35. Nc6 {[%clk 0:03:44]} a4 {[%clk 0:17:16]} 36. Nb4
{[%clk 0:03:43]} a3 {[%clk 0:17:24]} 37. Kg3 {[%clk 0:03:43]} Kg6
{[%clk 0:17:33]} 38. Kg4 {[%clk 0:03:43]} Kh6 {[%clk 0:17:25]} 39. Kg3
{[%clk 0:03:34]} Kh5 {[%clk 0:17:30]} 40. Kf2 {[%clk 0:03:35]} g4
{[%clk 0:17:38]} 41. hxg4+ {[%clk 0:03:18]} Kxg4 {[%clk 0:17:47]} 42. Na2
{[%clk 0:00:47]} Kf4 {[%clk 0:17:51]} 43. Nb4 {[%clk 0:00:52]} Kg4
{[%clk 0:17:46]} 44. Na2 {[%clk 0:00:56]} Kf4 {[%clk 0:17:37]} 45. Nb4
{[%clk 0:00:38]} 1/2-1/2

[Event "MCR druzstev mladsich zaku 2019"]
[Site "Trest"]
[Date "2019.06.16"]
[Round "8.16"]
[White "Spacilova, Klara"]
[Black "Stary, Vojtech"]
[Result "0-1"]
[BlackElo "1330"]
[WhiteElo "1391"]
[LiveChessVersion "1.4.8"]

1. e4 {[%clk 0:25:17]} e5 {[%clk 0:25:19]} 2. Nf3 {[%clk 0:25:25]} Nc6
{[%clk 0:25:27]} 3. Nc3 {[%clk 0:25:33]} Nf6 {[%clk 0:25:36]} 4. Bb5
{[%clk 0:25:40]} Bb4 {[%clk 0:25:44]} 5. Bxc6 {[%clk 0:25:47]} dxc6
{[%clk 0:25:40]} 6. Nxe5 {[%clk 0:25:53]} Bxc3 {[%clk 0:25:39]} 7. bxc3
{[%clk 0:25:58]} Nxe4 {[%clk 0:25:34]} 8. Qe2 {[%clk 0:26:05]} f5
{[%clk 0:20:29]} 9. f3 {[%clk 0:25:47]} Qe7 {[%clk 0:20:27]} 10. Nxc6
{[%clk 0:24:36]} bxc6 {[%clk 0:20:35]} 11. fxe4 {[%clk 0:24:43]} Qxe4
{[%clk 0:20:31]} 12. Qxe4+ {[%clk 0:24:49]} fxe4 {[%clk 0:20:39]} 13. O-O
{[%clk 0:24:56]} Kd7 {[%clk 0:17:15]} 14. Rf7+ {[%clk 0:24:30]} Kd6
{[%clk 0:16:57]} 15. Rxg7 {[%clk 0:24:28]} Ba6 {[%clk 0:16:53]} 16. Ba3+
{[%clk 0:24:17]} c5 {[%clk 0:16:42]} 17. Re1 {[%clk 0:24:11]} Rhf8
{[%clk 0:16:32]} 18. Rxh7 {[%clk 0:23:45]} Rf6 {[%clk 0:15:14]} 19. h3
{[%clk 0:20:19]} Re8 {[%clk 0:14:05]} 20. Rh4 {[%clk 0:19:49]} Rfe6
{[%clk 0:13:53]} 21. Rh5 {[%clk 0:18:56]} Re5 {[%clk 0:13:14]} 22. Rxe5
{[%clk 0:18:48]} Rxe5 {[%clk 0:13:21]} 23. Kf2 {[%clk 0:17:33]} Kd5
{[%clk 0:12:36]} 24. Bxc5 {[%clk 0:17:13]} Rf5+ {[%clk 0:12:20]} 25. Kg3
{[%clk 0:16:31]} Kxc5 {[%clk 0:11:56]} 26. Rxe4 {[%clk 0:16:35]} Bb7
{[%clk 0:11:43]} 27. Rb4 {[%clk 0:14:16]} Bc6 {[%clk 0:11:09]} 28. h4
{[%clk 0:11:56]} Rf7 {[%clk 0:03:28]} 29. Kh3 {[%clk 0:08:53]} Rg7
{[%clk 0:03:28]} 30. g4 {[%clk 0:08:24]} Rf7 {[%clk 0:03:19]} 31. h5
{[%clk 0:08:03]} a5 {[%clk 0:02:58]} 32. Rd4 {[%clk 0:07:33]} Bf3
{[%clk 0:02:11]} 33. Kg3 {[%clk 0:05:24]} Bd5 {[%clk 0:01:47]} 34. Rf4
{[%clk 0:05:26]} Re7 {[%clk 0:01:47]} 35. a3 {[%clk 0:04:32]} Kd6
{[%clk 0:01:14]} 36. h6 {[%clk 0:04:21]} Rh7 {[%clk 0:01:00]} 37. g5
{[%clk 0:04:25]} Ke7 {[%clk 0:00:58]} 38. Rh4 {[%clk 0:03:55]} Kf7
{[%clk 0:01:01]} 39. Kf4 {[%clk 0:03:47]} Kg6 {[%clk 0:01:05]} 40. Rh2
{[%clk 0:03:22]} Rf7+ {[%clk 0:00:56]} 41. Kg4 {[%clk 0:03:29]} Be6+
{[%clk 0:01:03]} 42. Kh4 {[%clk 0:03:25]} Rf4+ {[%clk 0:01:11]} 43. Kg3
{[%clk 0:03:30]} Rg4+ {[%clk 0:01:17]} 44. Kf3 {[%clk 0:03:37]} Kh7
{[%clk 0:00:41]} 45. Rg2 {[%clk 0:03:36]} Bd5+ {[%clk 0:00:19]} 46. Kxg4
{[%clk 0:03:43]} Bxg2 {[%clk 0:00:27]} 47. Kh5 {[%clk 0:03:43]} Be4
{[%clk 0:00:35]} 48. d3 {[%clk 0:03:47]} Bf5 {[%clk 0:00:42]} 49. Kh4
{[%clk 0:03:51]} Kg6 {[%clk 0:00:50]} 50. c4 {[%clk 0:03:53]} Be6
{[%clk 0:00:56]} 51. c5 {[%clk 0:03:55]} Ba2 {[%clk 0:01:03]} 52. d4
{[%clk 0:03:50]} Bd5 {[%clk 0:01:08]} 53. c3 {[%clk 0:03:54]} Bc4
{[%clk 0:01:15]} 54. Kg4 {[%clk 0:03:40]} c6 {[%clk 0:01:19]} 55. Kf4
{[%clk 0:03:48]} a4 {[%clk 0:01:23]} 56. Ke5 {[%clk 0:03:55]} Bd5
{[%clk 0:01:26]} 57. Kd6 {[%clk 0:03:58]} Bf3 {[%clk 0:01:29]} 58. d5 Bxd5
{[%clk 0:01:36]} 59. Kc7 {[%clk 0:03:59]} Be4 {[%clk 0:01:36]} 60. Kb6
{[%clk 0:04:04]} Kxg5 {[%clk 0:01:34]} 61. h7 {[%clk 0:04:12]} Bxh7
{[%clk 0:01:39]} 62. Kxc6 Bc2 {[%clk 0:01:41]} 63. Kb6 {[%clk 0:04:27]} Kf4
{[%clk 0:01:46]} 64. c6 {[%clk 0:04:35]} Ke3 {[%clk 0:01:53]} 65. c7
{[%clk 0:04:40]} Bf5 {[%clk 0:01:59]} 66. c4 {[%clk 0:04:48]} Kd4
{[%clk 0:02:03]} 67. c5 {[%clk 0:04:57]} Kd5 {[%clk 0:02:07]} 68. c6
{[%clk 0:05:04]} Kd6 {[%clk 0:02:10]} 69. Kb7 {[%clk 0:05:10]} Bg4
{[%clk 0:02:17]} 70. Kb6 {[%clk 0:05:07]} Bh3 {[%clk 0:02:23]} 71. c8=Q
{[%clk 0:04:51]} Bxc8 {[%clk 0:02:30]} 72. c7 {[%clk 0:04:57]} Kd5
{[%clk 0:02:33]} 73. Kb5 {[%clk 0:04:53]} Bd7+ {[%clk 0:02:42]} 74. Kb6
{[%clk 0:04:59]} Kc4 {[%clk 0:02:49]} 75. Ka5 {[%clk 0:04:52]} Kb3
{[%clk 0:02:56]} 76. Kb6 {[%clk 0:04:30]} Kxa3 {[%clk 0:03:04]} 77. Kc5
{[%clk 0:04:26]} Kb3 {[%clk 0:03:12]} 78. Kd6 {[%clk 0:04:32]} Bc8
{[%clk 0:03:20]} 79. Ke7 {[%clk 0:04:39]} a3 {[%clk 0:03:28]} 80. Kd8
{[%clk 0:04:47]} Bf5 {[%clk 0:03:37]} 81. Ke7 {[%clk 0:04:53]} a2
{[%clk 0:03:44]} 82. Kf6 {[%clk 0:05:00]} Bc8 {[%clk 0:03:53]} 83. Ke7
{[%clk 0:05:08]} a1=Q {[%clk 0:03:58]} 84. Kd8 {[%clk 0:05:16]} Qh8+
{[%clk 0:04:05]} 85. Ke7 {[%clk 0:05:22]} Qg7+ {[%clk 0:04:13]} 86. Kd6
{[%clk 0:05:30]} Qf6+ {[%clk 0:04:22]} 87. Kc5 {[%clk 0:05:36]} Qe5+
{[%clk 0:04:30]} 88. Kb6 {[%clk 0:05:42]} Qd6+ {[%clk 0:04:38]} 89. Kb5
{[%clk 0:05:40]} Bd7+ {[%clk 0:04:42]} 90. Ka5 {[%clk 0:05:46]} Qb4+
{[%clk 0:04:50]} 91. Ka6 {[%clk 0:05:53]} Bc8+ {[%clk 0:04:56]} 92. Ka7
{[%clk 0:06:00]} Qb7# 0-1

[Event "MCR druzstev mladsich zaku 2019"]
[Site "Trest"]
[Date "2019.06.16"]
[Round "8.17"]
[White "Slosar, Jan"]
[Black "Prochazka, Rostislav"]
[Result "1-0"]
[BlackElo "1145"]
[WhiteElo "1369"]
[LiveChessVersion "1.4.8"]

1. d4 {[%clk 0:25:18]} d5 {[%clk 0:25:19]} 2. Nf3 {[%clk 0:25:24]} Nc6
{[%clk 0:25:27]} 3. c4 {[%clk 0:25:33]} dxc4 {[%clk 0:25:33]} 4. Nc3
{[%clk 0:25:40]} Nf6 {[%clk 0:25:35]} 5. Bg5 {[%clk 0:25:49]} Bf5
{[%clk 0:25:40]} 6. e3 {[%clk 0:25:56]} e6 {[%clk 0:25:40]} 7. Bxc4
{[%clk 0:26:04]} Be7 {[%clk 0:25:26]} 8. O-O {[%clk 0:26:02]} O-O
{[%clk 0:25:30]} 9. Qb3 {[%clk 0:25:30]} Na5 {[%clk 0:25:09]} 10. Qa4
{[%clk 0:25:37]} Nxc4 {[%clk 0:24:52]} 11. Qxc4 {[%clk 0:25:45]} Re8
{[%clk 0:23:43]} 12. Qb5 {[%clk 0:24:41]} Rb8 {[%clk 0:21:39]} 13. Qa5
{[%clk 0:24:20]} Ra8 {[%clk 0:21:17]} 14. Nb5 {[%clk 0:23:48]} b6
{[%clk 0:20:58]} 15. Qc3 {[%clk 0:23:55]} Bd6 {[%clk 0:20:58]} 16. Nxd6
{[%clk 0:23:41]} Qxd6 {[%clk 0:20:55]} 17. Bxf6 {[%clk 0:23:32]} gxf6
{[%clk 0:21:01]} 18. h3 {[%clk 0:23:37]} e5 {[%clk 0:20:12]} 19. Rfe1
{[%clk 0:23:03]} exd4 {[%clk 0:19:27]} 20. Nxd4 {[%clk 0:23:08]} Be4
{[%clk 0:19:21]} 21. Rad1 {[%clk 0:22:06]} Qe5 {[%clk 0:15:03]} 22. Qc4
{[%clk 0:19:06]} Qg5 {[%clk 0:13:32]} 23. f3 {[%clk 0:18:08]} Bd5
{[%clk 0:13:32]} 24. Qxc7 {[%clk 0:17:10]} Bxa2 {[%clk 0:13:10]} 25. b3
{[%clk 0:16:37]} Qd5 {[%clk 0:12:35]} 26. Qc2 {[%clk 0:16:23]} Bxb3
{[%clk 0:12:36]} 27. Nxb3 {[%clk 0:16:27]} Qe6 {[%clk 0:12:28]} 28. Nd4
{[%clk 0:15:50]} Qe5 {[%clk 0:12:12]} 29. f4 {[%clk 0:15:25]} Qe7
{[%clk 0:11:59]} 30. Nc6 {[%clk 0:13:55]} Qe6 {[%clk 0:11:40]} 31. f5
{[%clk 0:13:40]} Qc8 {[%clk 0:11:03]} 32. e4 {[%clk 0:13:19]} Qb7
{[%clk 0:09:48]} 33. Nb4 {[%clk 0:12:37]} Qe7 {[%clk 0:09:32]} 34. Nd5
{[%clk 0:12:05]} Qb7 {[%clk 0:08:55]} 35. Nxf6+ {[%clk 0:11:54]} Kf8
{[%clk 0:08:46]} 36. Nxe8 {[%clk 0:11:41]} Rxe8 {[%clk 0:08:50]} 37. f6
{[%clk 0:11:37]} b5 {[%clk 0:08:16]} 38. e5 {[%clk 0:11:34]} Qb6+
{[%clk 0:08:23]} 39. Kh2 {[%clk 0:11:38]} Kg8 {[%clk 0:07:43]} 40. Qd2
{[%clk 0:11:17]} Rc8 {[%clk 0:07:38]} 41. Qg5+ {[%clk 0:11:20]} Kf8
{[%clk 0:07:42]} 42. Qg7+ {[%clk 0:11:38]} Ke8 {[%clk 0:07:58]} 43. Qg8#
{[%clk 0:11:44]} 1-0